01727cam a2200313 a 45000010009000000050017000090080041000260100017000670200029000840200026001130400022001390420008001610500023001690820016001921000023002082450080002312460024003112600044003353000026003794900052004055040066004575050344005235200409008676100025012766500027013016500041013286500011013696500033013801741793520170105102839.0120805s2013 enk b 001 0 eng c a 2012031627 a9780415625876 (hardback) a9780203067420 (ebook) aNIC/DLCcNICdDLC apcc00aHV6431b.A278 201300a363.3252231 aAcharya, Arabinda.10aTen years after 9/11 :brethinking the Jihadist threat /cArabinda Acharya.3 a10 years after 9/11 aLondon ;aNew York :bRoutledge,c2013. axiv, 192 p. ;c24 cm.0 aRoutledge security in Asia Pacific series ;v23 aIncludes bibliographical references (p. [127]-186) and index.0 a9/11 and globalization of violence -- Construction of the adversary -- Strategy of the global jihadist movement -- Tactics of the global jihadist movement -- Fighting the jihadist threat -- Ten years after : bringing the conflict to an end -- Conclusion : stealing jihadists' playbook, exploiting the fissures within the jihadist movement. a"Ten years after the 9/11 attacks, this book reassesses the effectiveness of the "War on Terror", considers how al-Qaeda and other jihadist movements are faring, explores the impact of wider developments in the Islamic world such as the Arab Spring, and discusses whether all this suggests that a new approach to containing international, especially jihadist, terrorism is needed"--Provided by publisher.20aQaida (Organization) 0aTerrorismxPrevention. 0aTerrorismxReligious aspectsxIslam. 0aJihad. 0aWar on Terrorism, 2001-2009.